OSN - základná univerzálna medzinárodná inštitúcia diplomová práca

Gespeichert in:
Bibliographische Detailangaben
1. Verfasser: Lénártová, Lenka
Körperschaft: Obchodná fakulta EU. Katedra medzinárodného obchodu
Weitere Verfasser: Gavaľová, Viera
Format: Buch
Sprache:Slowakisch
Veröffentlicht: Bratislava 2009
Tags: Tag hinzufügen
Keine Tags, Fügen Sie das erste Tag hinzu!

MARC

LEADER 00000nam$a2200000$$$4500
001 0100837
005 20240318133752.2
041 0 |a slo 
044 |a SK 
245 1 0 |a OSN - základná univerzálna medzinárodná inštitúcia  |b diplomová práca  |c Lenka Lénártová ; škol. Viera Gavaľová 
264 1 |a Bratislava  |c 2009 
300 |a 90 s. 
100 1 |a Lénártová, Lenka 
700 1 |a Gavaľová, Viera 
710 2 |a Obchodná fakulta EU. Katedra medzinárodného obchodu